LEADER 01338nam0 2200289 450 001 000027935 005 20101105143311.0 100 $a20101102d2007----km-y0itay50------ba 101 0 $aita 102 $aIT 105 $ay-------001yy 200 1 $aAnalisi economico-gestionale delle imprese turistico-ricettive operanti nell'area jonico-salentina (triennio 2003-2005)$fMario Turco$gSimona Marchetti$gDipartimento di Studi aziendali, giuridici ed ambientali dell'Università degli Studi di Lecce 210 $aBari$cCacucci editore$d2007 ? 215 $a277 p.$d24 cm 225 2 $aCollana dei Quaderni della Rivista Economia, azienda e sviluppo$hn. 3 410 0$1001000027934 500 10$aAnalisi economico-gestionale delle imprese turistico-ricettive operanti nell'area jonico-salentina (triennio 2003-2005)$941588 610 1 $aGestione aziendale 676 $a658$v20 700 1$aTurco,$bMario$0476670 701 1$aMarchetti,$bSimona$0595569 712 02$aDipartimento di Studi aziendali, giuridici ed ambientali dell'Università degli Studi di Lecce 801 0$aIT$bUNIPARTHENOPE$gRICA$2UNIMARC 912 $a000027935 951 $a658- A/36$b42752$cNAVA1$d2010 996 $aAnalisi economico-gestionale delle imprese turistico-ricettive operanti nell'area jonico-salentina (triennio 2003-2005$941588 997 $aUNIPARTHENOPE